Представление документа в формате RUSMARC

ПолеНазваниеЗначение
  Тип записи a
  Библиографический уровень m
001 Контрольный номер RU/SLIB/B/208733843
005 Дата корректировки 20201206204031.7
010 Индекс ISBN __
d Цена 200-00
101 Язык документа __
a Язык текста rus
200 Заглавие и сведения об ответственности __
a Заглавие Малая приватизация в Российской Федерации: Нижегородская модель
e Сведения, относящиеся к заглавию пособие для должност. лиц муницип. уровня
f Первые сведения об ответственности Правительство Рос. Федерации
b Общее обозначение материала Текст
210 Выходные данные __
a Место издания М.
c Издательство [б. и.]
d Дата издания 1992
215 Физическое описание __
a Объем 74 с.
600 Персоналии __
a Персоналии (Фамилия) Чубайс А.
600 Персоналии __
a Персоналии (Фамилия) Немцов Б.
606 Тематические рубрики __
a Основная рубрика Право собственности и другие вещные права
y Географическая подрубрика Россия; Нижегородская область
610 Ключевые слова __
a Ключевые слова приватизация
686 Индексы других классификаций __
a Классификационный индекс 67.404.1(2Рос)
801 Источник записи _0
a Страна RU
b Организация Муниципальное бюджетное учреждение культуры "Централизованная библиотечная система" г. Сургут (Центральная городская библиотека им. А. С. Пушкина)
g Правила каталогизации КиК/Михайлова
801 Источник записи _1
a Страна RU
b Организация Муниципальное бюджетное учреждение культуры "Централизованная библиотечная система" г. Сургут (Центральная городская библиотека им. А. С. Пушкина)
g Правила каталогизации КиК/Михайлова
852 Данные о местонахождении __
j Шифр хранения 67.404.1(2Рос)
c Каталожный индекс 67.404.1(2Рос)
i Авторский знак М 18
p Инвентарный номер 48970
901 Тип документа __
t Тип документа m
969 Тип издания __
a Тип издания пособие
990 Данные о заказе (DOS) __
j Количество экземпляров (DOS) 1